000 00311cam a2200133ua 4500
041 _amal
_h
082 _a894.8121
_bKAR/MA
100 _aKarunakaran Achari, P .
245 _aManhuthullikal /
_cP Karunakaran Achari.
_hTextual Documents
300 _a20 ; .
504 _a
942 _cBK
999 _c6494
_d6494